ბათუმის შოთა რუსთაველის სახელმწიფო უნივერსიტეტის ბიბლიოთეკა

Технический справочник железнодорожника. Том 4: искусственные сооружения. (ბიბ.ჩანაწერი № 50829)

000 -LEADER
fixed length control field 00786nam a2200205Ia 4500
001 - CONTROL NUMBER
control field 17783
003 - CONTROL NUMBER IDENTIFIER
control field GE_BSU
008 - FIXED-LENGTH DATA ELEMENTS--GENERAL INFORMATION
fixed length control field 181216s||||||||xx |||||||||||||| ||und||
040 ## - CATALOGING SOURCE
Transcribing agency GE_BSU
080 ## - UNIVERSAL DECIMAL CLASSIFICATION NUMBER
Universal Decimal Classification number 625.1(035)
100 ## - MAIN ENTRY--PERSONAL NAME
Personal name Бачелис,А.С. Богданов,Н.Н. Волков,В.П. и др.
245 ## - TITLE STATEMENT
Title Технический справочник железнодорожника. Том 4: искусственные сооружения.
245 ## - TITLE STATEMENT
Statement of responsibility, etc. Главн. ред. Е.Ф.Рудой. Отв. ред. тома Б.Н.Веденисов.
260 ## - PUBLICATION, DISTRIBUTION, ETC.
Place of publication, distribution, etc. М.
260 ## - PUBLICATION, DISTRIBUTION, ETC.
Name of publisher, distributor, etc. Трансжелдориздат.
260 ## - PUBLICATION, DISTRIBUTION, ETC.
Date of publication, distribution, etc. 1951.
300 ## - PHYSICAL DESCRIPTION
Extent 620 стр. 27 см.
653 ## - INDEX TERM--UNCONTROLLED
Uncontrolled term Технический справочник железнодорожника.
942 ## - ADDED ENTRY ELEMENTS (KOHA)
Koha item type წიგნი
ეგზემპლარები
Withdrawn status Lost status Damaged status Not for loan Date acquired Barcode Date last seen Price effective from Koha item type
        2018-12-17 9800 2018-12-17 2018-12-17 წიგნი